日本会社企業発生史の研究

Salvato in:
Dettagli Bibliografici
Autore principale: 菅野和太郎
Natura: Libro
Lingua:Undetermined
Pubblicazione: 東京 経済評論社 1966
Soggetti:
Tags: Aggiungi Tag
Nessun Tag, puoi essere il primo ad aggiungerne! !
Thư viện lưu trữ: Trung tâm Học liệu Trường Đại học Cần Thơ
LEADER 00506nam a2200193Ia 4500
001 CTU_81085
008 210402s9999 xx 000 0 und d
082 |a 330.952 
082 |b K16 
100 |a 菅野和太郎 
245 0 |a 日本会社企業発生史の研究 
245 0 |c 菅野和太郎 
260 |a 東京 
260 |b 経済評論社 
260 |c 1966 
650 |a Economic Conditions 
650 |z Japan 
904 |i Ngoc,Hải 
980 |a Trung tâm Học liệu Trường Đại học Cần Thơ